How to write a better thesis or report /

Đã lưu trong:
書目詳細資料
主要作者: Evans, David.
格式: 圖書
語言:English
出版: Carlton, Vic. : Melbourne University Press, 1995.
主題:
標簽: 添加標簽
沒有標簽, 成為第一個標記此記錄!
Thư viện lưu trữ: Mạng thư viện Đại học Đà Nẵng
LEADER 00892cam a2200349 i 4500
001 000045783
003 4980
005 20030304141447.0
008 010220|1995 vm 000 eng
020 |a 0522846653 
040 |a IRC  |c IRC  |d IRC 
041 0 |a eng 
082 1 4 |a 808.066  |b EV-D 
100 1 |a Evans, David. 
245 0 0 |a How to write a better thesis or report /  |c David Evans. 
260 |a Carlton, Vic. :  |b Melbourne University Press,  |c 1995. 
300 |a xi, 147p. 
630 0 4 |a Academic dissertations. 
630 0 4 |a Report writing. 
630 0 4 |a Dissertations. 
650 0 4 |a Dissertations, Academic. 
650 0 4 |a Report writing. 
OWN |a DUT 
999 |a From the UDN01 
TYP |a Monograph 
TYP |a Printed language 
980 |a Mạng thư viện Đại học Đà Nẵng